000 00316cam a22001331i 4500
040 _cDLC
082 _a311 HAB 1969 A089 Or.
100 1 _aHaber, Audrey
245 0 0 _aGeneral statistics
300 _axiii, 351 pages :
_billustrations ;
_c24 cm
650 0 _aStatistics
700 1 _aRunyon, Richard P
942 _cEK
999 _c16306
_d16306